00645nam a2200169 a 450000100100000000500170001000800410002702000150006804000250008310000230010824501740013126000410030530000360034650400260038250000500040870000170045800004307520201002040623.0140218s2000 xxkac 001 0 spa d a0304355291 aDO-SdBNPbspacBNPHU1 aChamberlain, Peter10aBritish And American Tanks Of World War Two. :bthe complete illustrated history of British, American and Commonwealth tanks 1939-1945 /cPeter Chamberlain, Chris Ellis. aLondon, :bCassell & company,c2000. a222 p. :bil., retrs. ;c28 cm. aBibliografía p: 217 aLa biblioteca posee la reimpresión del 20011 aEllis, Chris